00676nam a2200181Ia 4500999001500000008004100015020001500056100005800071245008700129260004800216300001000264650003400274700002600308700002200334700002500356942001200381952010100393 c9116d9116201231s9999 xx 000 0 und d a0521467349 aMigdal, Joel S., Kohli, Atul and Shue, Vivienne94577 0aState power and social forces : domination and transformation in the Third World / aCambridgebCambridge University Pressc1994 a333p. 0aPolitics and government, Asia 94578aMigdal, Joel S. 94579aKohli, Atul 94580aShue, Vivienne cBK2ddc 0010406306_200000000000000_M63470919473aCLd2020-12-31o306.2 M634pPM04512r2020-12-31yBK